000 00158nam a22000857a 4500
082 _a823
100 _aJOY BERRY
245 _aLETS TALK ABOUT WINNING
942 _cBK
999 _c8145
_d8145